000 01163nam a2200301Ia 4500
001 vtls001748813
003 NLI
005 20210628161701.0
008 130611s2007 cau s 001 0 eng
020 _a9781446213032 (ebook)
039 9 _a201306251546
_bgopag
_y201306112137
_zgopag
041 0 _aeng
044 _acau
100 1 _aRayner, Stephen.
_91127068
245 1 0 _aManaging special and inclusive education
_h[electronic resource] /
_cSteve Rayner.
260 _aLos Angeles, [Calif.] ;
_aLondon :
_bSAGE,
_c2007.
300 _a1 online resource (224 p.)
504 _aIncludes bibliographical references and index.
650 0 _aInclusive education
_zGreat Britain.
_91077937
650 0 _aSchool management and organization
_zGreat Britain.
_91124778
650 0 _aSpecial education
_zGreat Britain.
_9718981
856 4 0 _uhttp://knowledge.sagepub.com/view/managing-special-and-inclusive-education/SAGE.xml
887 _a Gopa
905 _aGopa
949 _AVIRTUAITEM
_D10000
_X206
_6EBK000007437ENG
_eEBK7437
942 _2ddc
_cBKS
999 _aVIRTUA
_c1158905
_d1158905
999 _aVTLSSORT0080*0200*0410*0440*1000*2450*2600*3000*5040*6500*6501*6502*8560*9050*9992